LEADER 00954nam0-22003011i-450- 001 990003005090403321 010 $a0-8039-9007-3 035 $a000300509 035 $aFED01000300509 035 $a(Aleph)000300509FED01 035 $a000300509 100 $a20000920d1994----km-y0itay50------ba 101 0 $aeng 200 1 $aAdventures in Social Research$eData Analysis Using SPSS$fEarl Babbie, Fred Halley. 210 $aThousand Oaks$aLondon$cPine Forge$d1994. 215 $aXVI, 292 p.$d28 cm+ floppy disk 3,5 225 1 $a<>Pine Forge Press Social Science Library 610 0 $aScienze sociali$aMetodi statistici$aProgrammi per computer 676 $aA/5 700 1$aBabbie,$bEarl R.$0118418 701 1$aHalley,$bFred$0118419 801 0$aIT$bUNINA$gRICA$2UNIMARC 901 $aBK 912 $a990003005090403321 952 $aA/5 BAB$b14633$fSES 959 $aSES 996 $aAdventures in Social Research$9468454 997 $aUNINA LEADER 01480nam 22004935u 450 001 9910157461803321 005 20211006145030.0 010 $a9783318036916 010 $a3318036919 035 $a(CKB)3780000000101584 035 $a(OCoLC)1046111498 035 $a(SZ-BaSKA)217401 035 $a(MiAaPQ)EBC31866055 035 $a(Au-PeEL)EBL31866055 035 $a(EXLCZ)993780000000101584 100 $a20211006d1968 uy 0 101 0 $aeng 135 $aurunu||||| 181 $ctxt$2rdacontent 182 $cc$2rdamedia 183 $acr$2rdacarrier 200 10$aHyperbaric Oxygen and Radiation Therapy of Cancer : $e1st Annual San Francisco Cancer Symposium, San Francisco, Calif., October 1965: Proceedings / $f editor, J.M. Vaeth 205 $a1st ed. 210 $aBasel : $cS. Karger, $d1968 215 $a1 online resource (XII + 200 pages) : $c 68 figures, 32 tables 225 1 $aIssn Series 311 08$a9783805504966 311 08$a3805504969 410 0$aIssn Series 606 $aRadiology 606 $aImmunology 606 $aNatural Sciences for Physicians 606 $aOncology 615 14$aRadiology 615 14$aImmunology 615 14$aNatural Sciences for Physicians 615 14$aOncology 700 $aVaeth$b J.M$01215141 801 0$bUKSKG 801 1$bUKSKG 906 $aBOOK 912 $a9910157461803321 996 $aHyperbaric Oxygen and Radiation Therapy of Cancer$92812332 997 $aUNINA LEADER 02107nas 2200481 c 450 001 9910142819803321 005 20260218111226.0 035 $a(DE-599)ZDB2403495-2 035 $a(OCoLC)643158388 035 $a(DE-101)987077422 035 $a(CKB)1000000000531257 035 $a(DE-599)2403495-2 035 $a(EXLCZ)991000000000531257 100 $a20080109b20072007 |y | 101 0 $ager 135 $aur||||||||||| 181 $ctxt$2rdacontent 182 $cc$2rdamedia 183 $acr$2rdacarrier 200 10$aVerbraucherschutzbericht ... des Ministeriums fu?r Erna?hrung und La?ndlichen Raum$emit Beitra?gen der Ministerien fu?r Kultus, Jugend und Sport, fu?r Arbeit und Soziales, des Umwelt- und des Wirtschaftsministeriums$fHrsg.: Ministerium fu?r Erna?hrung und La?ndlichen Raum Baden-Wu?rttemberg (MLR), Abteilung Verbraucherschutz und Erna?hrung 210 31$aStuttgart$cMLR$d2007-2007 215 $aOnline-Ressource 300 $aGesehen am 30.11.18 517 1 $aVerbraucherschutzbericht 517 1 $aVerbraucherschutzbericht ... des Ministeriums fu?r Erna?hrung und La?ndlichen Raum Baden-Wu?rttemberg 606 $aVerbraucherschutz$3(DE-588)4117338-7$3https://d-nb.info/gnd/4117338-7$3(DE-101)041173384$9rswk-swf$2gnd 606 $aOnline-Ressource$3(DE-588)4511937-5$3https://d-nb.info/gnd/4511937-5$3(DE-101)954353331$9rswk-swf$2gnd 607 $aBaden-Württemberg$9rswk-swf$2gnd 608 $aZeitschrift$2gnd-content 615 7$aVerbraucherschutz. 615 7$aOnline-Ressource. 676 $a330 712 02$aBaden-Wu?rttemberg$bMinisterium fu?r Kultus, Jugend und Sport$4isb 712 02$aBaden-Wu?rttemberg$bMinisterium fu?r Arbeit und Soziales$4isb 712 02$aBaden-Wu?rttemberg$bUmweltministerium$4isb 712 02$aBaden-Wu?rttemberg (Germany).$bWirtschaftsministerium,$4isb 801 0$b0024 801 1$bDE-101 801 2$b0024 906 $aJOURNAL 912 $a9910142819803321 996 $aVerbraucherschutzbericht ... des Ministeriums für Ernährung und Ländlichen Raum$92012542 997 $aUNINA